Tin học 11

Nội dung giới thiệu một số khai niệm về ngôn ngữ lập trình, chương trình đơn giản, cấu trúc rẽ nhánh và lặp, kiểu dữ liệu có cấu trúc...

Gespeichert in:
Bibliographische Detailangaben
1. Verfasser: Hồ, Sĩ Đàm
Format: Buch
Sprache:Undetermined
Veröffentlicht: Hà Nội Giáo dục 2010
Schlagworte:
Tags: Tag hinzufügen
Keine Tags, Fügen Sie den ersten Tag hinzu!
Thư viện lưu trữ: Trung tâm Học liệu Trường Đại học Cần Thơ
LEADER 00816nam a2200217Ia 4500
001 CTU_182488
008 210402s9999 xx 000 0 und d
020 |c 7000 
082 |a 005.0712 
082 |b Đ104 
100 |a Hồ, Sĩ Đàm 
245 0 |a Tin học 11 
245 0 |c Hồ Sĩ Đàm ( chủ biên ) ... [et al.] 
260 |a Hà Nội 
260 |b Giáo dục 
260 |c 2010 
520 |a Nội dung giới thiệu một số khai niệm về ngôn ngữ lập trình, chương trình đơn giản, cấu trúc rẽ nhánh và lặp, kiểu dữ liệu có cấu trúc... 
650 |a Computers,Tin học 
650 |x Teacher's book,Sách giáo viên 
904 |i Tuyến 
980 |a Trung tâm Học liệu Trường Đại học Cần Thơ